Statistiques concernant Alphabet morse - Signes de ponctuation et symboles

Cliquez ici pour prendre le quiz!

Statistiques générales

  • Ce quiz a été pris 19 fois
  • Le résultat moyen est 8 sur 18

Statistiques - réponses

Signe et symbole en morseSigne et symbole en français% Correct
.--.-.Arobase | « a commercial »
100%
.-.-.-Point
56%
-.-.--
---.
Point d’exclamation
56%
..--..Point d’interrogation
56%
-.-.-.Point-virgule
56%
--..--Virgule
56%
-..-.Barre oblique | slash
44%
---...Deux-points
44%
.-...Esperluette | « et commercial »
44%
-....-Signe moins | trait d’union
44%
.-.-.Signe plus
44%
.----.Apostrophe
38%
.-..-.Guillemets
38%
..--.-Tiret du bas
38%
-.--.-Parenthèse fermante
31%
-.--.Parenthèse ouvrante
31%
-...-Signe égal
31%
...-..-Symbole du dollar | Symbole du peso
19%

Distribution des résultats

Percentile par nombre de réponses

% des personnes avec chaque résultat

Votre développement - résultats

Vous n’avez pas pris ce quiz